000 00607nam a2200193Ia 4500
003 GCL
008 140319s9999 xx 000 0 ara d
040 _aGCL /
_cGCL
082 0 4 _a320.531
_bب ى
100 1 _aمجدى نصيف
245 1 0 _aاليسار الجديد الى اين ومع من (هدية من الاديب عبدالفتاح الجمل) /
_cمجدى نصيف
700 1 _aف.بولشاكوف
300 _a311 ص
490 _a
650 0 4 _aالطبقات الاجتماعية
650 0 4 _aالماركسية - البورجوازية
650 0 4 _aالثورة
942 _2ddc
_cBK
999 _c38450
_d38450